000
00236nam a22000977a 4500
082
_a
355 ML ARM'Y
245
_a
ARMY SCHOOL OF LOGISTICS REFERNCE BOOK
260
_a
KULDANA
_b
ARMY SCHOOL OF LOGISTIC
_c
1980
300
_a
211P
942
_c
BK
999
_c
581230
_d
581230